000 00217 a2200097 4500
001 717
100 _aMarkus,J
245 _aHandbook of industrial electronic circuits
260 _a
_bMcgrawhill
_c
090 _c313
_d313
942 _aNUST-CAE
_cM
_c23669
999 _c235790
_d235790